Szczegóły MARC21

Zielone wyprawy : przewodnik edukacyjny po parkach krajobrazowych i narodowych. T. 1 /

003 -Nazwa inst., której nr kontr. jest w polu 001 [,]
    • @
    • Nazwa instytucji, której n kontrolny jest w polu 001
    • NUKAT
005 -DATA I CZAS OSTATNIEJ MODYFIKACJI [,]
    • @
    • pole kontrolne
    • 20241231104945.0
020 -Międzynarod. znormalizowany nr książki - ISBN [ , ]
    • a
    • Numer ISBN
    • 8386666013 Find
040 -Instytucja sporządzająca opis [ , ]
    • a
    • Instytucja, która sporządziła opis (NP)
    • KIEL 010/GA
    • c
    • Instytucja, która sporządziła rekord (NP)
    • KIEL 010/GA
    • d
    • Instytucja, która zmodyfikowała rekord (P)
    • KIEL 010/GA
    • d
    • Instytucja, która zmodyfikowała rekord (P)
    • SZCZ M/MK
    • d
    • Instytucja, która zmodyfikowała rekord (P)
    • SZCZ U/JS
    • d
    • Instytucja, która zmodyfikowała rekord (P)
    • WA U/BMs
942 -Rodzaj dokumentu [ , ]
    • c
    • Rodzaj dokumentu
    • Książka
245 -Strefa tytułu i oznaczenia odpowiedzialności [0,0]
    • a
    • Tytuł
    • Zielone wyprawy : Find
    • b
    • Ciąg dalszy tytułu (NP)
    • przewodnik edukacyjny po parkach krajobrazowych i narodowych. Find
    • n
    • Oznaczenie części (P)
    • T. 1 /
    • c
    • Pozostałe elementy strefy tytułu i oznaczenia odpowiedzialności (NP)
    • [kol. red. Jadwiga Grabczak-Jarosz et al. ; oprac. graf. Małgorzata Jakubicka].
260 -Strefa adresu wydawniczego [ , ]
    • a
    • Miejsce wydania (P)
    • Warszawa :
    • b
    • Nazwa wydawcy (P)
    • Fundacja na Rzecz Parków Krajobrazowych, Narodowych i Lasów Polskich - Terra Sana,
    • c
    • Data wydania (P)
    • [1995].
300 -Strefa opisu fizycznego [ , ]
    • a
    • Określenie formy książki i/lub objętość (NP)
    • 88 s. :
    • b
    • Oznaczenie ilustracji (NP)
    • il. ;
    • c
    • Format (NP)
    • 23 cm.
336 -Typ zawartości [ , ]
    • a
    • Termin opisujący typ zawartości
    • Tekst
    • b
    • Kod określający zawartość
    • txt
    • 2
    • Źródło (terminu i kodu)
    • rdacontent
337 -Typ mediów [ , ]
    • a
    • Tryb odtwarzania
    • Bez urządzenia pośredniczącego
    • b
    • Kod typu mediów
    • n
    • 2
    • Źródło (terminu i kodu)
    • rdamedia
338 -Typ/rodzaj nośnika [ , ]
    • a
    • Hasło opisujące typ nośnika
    • Wolumin
    • b
    • Kod typu nośnika
    • nc
    • 2
    • Źródło (terminu i kodu)
    • rdacarrier
500 -Uwaga ogólna [ , ]
    • a
    • Uwaga ogólna (NP)
    • Rok wyd za : http://www.expeditions.pl/index.php?option=com_isections&task=vie w&cid=86&Itemid=7.
500 -Uwaga ogólna [ , ]
    • a
    • Uwaga ogólna (NP)
    • Przewodnik oprac. na podst. materiałów tekstowych i graf. nadesłanych przez Dyrekcje i Zarządy Parków Narodowych i Krajobrazowych.
080 -Uniwersalna Klasyfikacja Dziesiętna [ , ]
    • 2
    • Identyfikator wydania tablic
    • UDC-P058
    • 9
    • UKD
    • 4000
    • a
    • Symbol klasyfikacji
    • 502.5
    • b
    • Dopowiedzenie
    • Powierzchnia Ziemi. Krajobraz. Rezerwaty. Parki krajobrazowe.
    • 4
    • UKD2
    • 7642
    • x
    • Poddział wspólny
    • (438)
    • c
    • Dopowiedzenie poddz. wspólnego
    • (Polska).
080 -Uniwersalna Klasyfikacja Dziesiętna [ , ]
    • 2
    • Identyfikator wydania tablic
    • UDC-P058
    • 9
    • UKD
    • 3272
    • a
    • Symbol klasyfikacji
    • 338.48-6:502/504
    • b
    • Dopowiedzenie
    • Ekoturystyka. Turystyka przyrodnicza.
    • 4
    • UKD2
    • 7642
    • x
    • Poddział wspólny
    • (438)
    • c
    • Dopowiedzenie poddz. wspólnego
    • (Polska).
650 -Hasło przedmiotowe [ ,7]
    • a
    • Hasło przedmiotowe
    • Parki narodowe
    • z
    • Określnik geograficzny
    • Polska
    • v
    • Określnik formalny
    • przewodniki.
    • 2
    • Źródło terminu
    • kaba
    • 9
    • KHW
    • 382617
650 -Hasło przedmiotowe [ ,7]
    • a
    • Hasło przedmiotowe
    • Regionalne parki przyrodnicze
    • z
    • Określnik geograficzny
    • Polska
    • v
    • Określnik formalny
    • przewodniki.
    • 2
    • Źródło terminu
    • kaba
    • 9
    • KHW
    • 603934
980 -Symbol UKD [ , ]
    • a
    • UKD
    • 502.5:338.48-6:502/504](438)
700 -Hasło dodatkowe - nazwa osobowa [1, ]
    • a
    • Nazwa osobowa (NP)
    • Grabczak-Jarosz, Jadwiga. Find
    • e
    • Określenie rodzaju współpracy
    • Red.
    • 9
    • KHW
    • 86288
700 -Hasło dodatkowe - nazwa osobowa [1, ]
    • a
    • Nazwa osobowa (NP)
    • Jakubicka, Małgorzata. Find
    • e
    • Określenie rodzaju współpracy
    • Il.
    • 9
    • KHW
    • 86287
710 -Hasło dodatkowe - nazwa ciała zbiorowego [2, ]
    • a
    • Nazwa ciała zbiorowego lub nazwa geograficzna jako pierwszy element (NP)
    • Fundacja Terra Sana na rzecz Parków Krajobrazowych i Narodowych.
    • 4
    • Kod relacji
    • pbl
    • 9
    • KHW
    • 86286
920 -ISBN [ , ]
    • a
    • ISBN
    • 83-86666-01-3 Find
Data inwentaryzacji Lokalizacja Status udost. Numer inwentarzowy
2014-01-10BG1Z.117817